LEADER 01089nam0 22002771i 450 001 VAN00036507 005 20240806100401.545 100 $a20050524d1964 |0itac50 ba 101 $aita 102 $aIT 105 $a|||| ||||| 200 1 $aGiuseppe Valadier 210 $aRoma$cOfficina edizioni$d1964 215 $a270 p.$cill.$d24 cm. 410 1$1001VAN00022055$12001 $aRapporti di architettura$fcollana diretta da Paolo Portoghesi$1210 $aRoma$cOfficina. 606 $aValadier, Giuseppe$3VANC014603$2FI 620 $dRoma$3VANL000360 676 $a720.945$cArchitettura. Italia.$v21 700 1$aMarconi$bPaolo$3VANV018751$010471 712 $aOfficina$3VANV108055$4650 801 $aIT$bSOL$c20240906$gRICA 899 $aBIBLIOTECA DEL DIPARTIMENTO DI ARCHITETTURA E DISEGNO INDUSTRIALE$1IT-CE0107$2VAN01 912 $aVAN00036507 950 $aBIBLIOTECA DEL DIPARTIMENTO DI ARCHITETTURA E DISEGNO INDUSTRIALE$d01PREST IBb490 $e01 5447 20050524 996 $aGiuseppe Valadier$9296137 997 $aUNICAMPANIA LEADER 03587nam 22007215 450 001 9910298399203321 005 20200629114247.0 010 $a3-319-93671-9 024 7 $a10.1007/978-3-319-93671-0 035 $a(CKB)4100000006674756 035 $a(MiAaPQ)EBC5525850 035 $a(DE-He213)978-3-319-93671-0 035 $a(PPN)23053953X 035 $a(EXLCZ)994100000006674756 100 $a20180925d2018 u| 0 101 0 $aeng 135 $aurcnu|||||||| 181 $ctxt$2rdacontent 182 $cc$2rdamedia 183 $acr$2rdacarrier 200 10$aEnvironmental Pollution of Paddy Soils /$fedited by Muhammad Zaffar Hashmi, Ajit Varma 205 $a1st ed. 2018. 210 1$aCham :$cSpringer International Publishing :$cImprint: Springer,$d2018. 215 $a1 online resource (280 pages) 225 1 $aSoil Biology,$x1613-3382 ;$v53 311 $a3-319-93670-0 330 $aThe paddy field is a unique agro-ecosystem and provides services such as food, nutrient recycling and diverse habitats. However, chemical contamination of paddy soils has degraded the quality of this important ecosystem. This book provides an overview of our current understanding of paddy soil pollution, addressing topics such as the major types of pollutants in contaminated paddy soil ecosystems; factors affecting the fate of pollutants in paddy soil; biomonitoring approaches to assess the contaminated paddy soil; the impact of chemicals on soil microbial diversity; and climate change. It also covers arsenic and heavy metal pollution of paddy soils and their impact on rice quality. Further, new emerging contaminants such as antibiotics and antibiotics resistance genes (ARGs) in paddy soil and their impact on environmental health are also discussed. The last chapters focus on the bioremediation approaches for the management of paddy soils. 410 0$aSoil Biology,$x1613-3382 ;$v53 606 $aMicrobiology 606 $aBotany 606 $aBotany 606 $aBiotechnology 606 $aEnvironmental geology 606 $aEnvironmental geology 606 $aMicrobial ecology 606 $aForests and forestry 606 $aMicrobiology$3https://scigraph.springernature.com/ontologies/product-market-codes/L23004 606 $aPlant Sciences$3https://scigraph.springernature.com/ontologies/product-market-codes/L24000 606 $aBiotechnology$3https://scigraph.springernature.com/ontologies/product-market-codes/C12002 606 $aGeoecology/Natural Processes$3https://scigraph.springernature.com/ontologies/product-market-codes/U21006 606 $aMicrobial Ecology$3https://scigraph.springernature.com/ontologies/product-market-codes/L19082 606 $aForestry$3https://scigraph.springernature.com/ontologies/product-market-codes/L22008 615 0$aMicrobiology. 615 0$aBotany. 615 0$aBotany. 615 0$aBiotechnology. 615 0$aEnvironmental geology. 615 0$aEnvironmental geology. 615 0$aMicrobial ecology. 615 0$aForests and forestry. 615 14$aMicrobiology. 615 24$aPlant Sciences. 615 24$aBiotechnology. 615 24$aGeoecology/Natural Processes. 615 24$aMicrobial Ecology. 615 24$aForestry. 676 $a633.18 702 $aHashmi$b Muhammad Zaffar$4edt$4http://id.loc.gov/vocabulary/relators/edt 702 $aVarma$b Ajit$4edt$4http://id.loc.gov/vocabulary/relators/edt 906 $aBOOK 912 $a9910298399203321 996 $aEnvironmental Pollution of Paddy Soils$92503163 997 $aUNINA